Joueurs de tennis en rébus - Statistiques

Statistiques générales
  • Ce quiz a été pris 5 614 fois
  • Le résultat moyen est 5 sur 10
Réponses sur la Carte
Les réponses sont colorées sur une échelle allant du rouge au vert en fonction du pourcentage des utilisateurs qui les ont devinées à leur premier essai. Vous pouvez retrouver ces pourcentages ci-dessous.
 
Statistiques - réponses
Joueurs % Correct
Roger Federer
98%
Gaël Monfils
68%
Gilles Simon
54%
Adrian Mannarino
40%
Kei Nishikori
40%
Stéfanos Tsitsipás
39%
Matteo Berrettini
38%
Lucas Pouille
33%
Reilly Opelka
26%
Pierre-Hugues Herbert
24%
Aucun quiz correspondant
Distribution des résultats
% des personnes avec chaque résultat
Percentile par nombre de réponses
Votre historique - résultats
Vous n’avez pas pris ce quiz